000 00401nam a2200157 a 4500
005 20140513081058.0
008 080110s19uu xx 00 eng d
050 _aVCD
_bBa126 2005
245 _aBack to basics.
260 _bViacom International,
_c2005.
440 _aNickelodeon : Blue's clues
500 _a2 discs
650 _aletters-ABC's.
650 _aCounting numbers-
999 _c116627
_d116627